01457nab a2200253 i 4500001000400000003000400004005001700008008003900025040000800064041001300072044000800085080001100093080001500104100012400119245029100243260001000534500002100544520041200565650003700977650002101014650001601035650002901051773012301080BPPBPK20190610114322.0141209s2004 pl | | |000 ||eng cBPK aengbpol aPOL a621.92 a621.56/.59 aKARPIŃSKI, Tadeusz.d1996 - 2001.bPolitechnika Koszalińska - Wydział Mechaniczny,cKatedra Inżynierii Produkcji aInfluence of cooling at limited zone of liquid supply on selected properties of workpiece surface layer = bWpływ chłodzenia z ograniczoną strefą podawania cieczy na wybrane właściwości warstwy wierzchniej przedmiotu szlifowanego /cTadeusz Karpiński, Jarosław Sieniawski. c2004. aDane z autopsji. aW pracy przedstawiono wyniki badań nad wpływem różnych metod chłodzenia na chropowatość i naprężenia w warstwie wierzchniej przedmiotu szlifowanego na płasko. Stosowano trzy sposoby chłodzenia: tradycyjny - zalewowy, nowy sposób - ciecz podawana przez promieniowe otwory (wykonane w ściernicy podczas prasowania) oraz ciecz podawana przez promieniowe otwory, z ograniczeniem strefowym. 0aNaprężenia i odkształcenia. 0aChropowatość 0aSzlifowanie 0aInżynieria powierzchni iW :tAdvances in Manufacturing Science and Technology = Postępy Technologii Maszyn. -gVol. 28, 2004, nr 2, s. 71-78